[Event "HUN-chT 9697"]
[Site "?"]
[Date "1996.??.??"]
[Round "1"]
[White "Almasi Zoltan"]
[Black "Beliavsky Alexander G"]
[Result "0-1"]
[WhiteElo "2650"]
[BlackElo "2615"]
[PlyCount "54"]
[EventDate "1996.??.??"]
[Source "www.chesslib.no"]
[SourceDate "2004.05.04"]

1. e4 e6 2. d4 d5 3. Nc3 Bb4 4. e5 c5 5. a3 Bxc3+ 6. bxc3 Ne7 7. Qg4 Qc7 8. Bd3 c4 9. Be2 Qa5 10. Bd2 Nf5 11. Nf3 Nc6 12. Qh5 h6 13. O-O Bd7 14. Rfb1 O-O-O 15. Qxf7 g5 16. Be1 g4 17. Nd2 Rhg8 18. h3 Rdf8 19. Qxf8+ Rxf8 20. hxg4 Nfe7 21. Nf1 Be8 22. Bd2 Bg6 23. Bxh6 Rh8 24. Bd2 Bxc2 25. Rb2 Bg6 26. Ng3 Qc7 27. Bd1 Nxd4 0-1

[Event "4th Open A"]
[Site "Moscow RUS"]
[Date "2008.02.06"]
[Round "5"]
[White "Yemelin, V."]
[Black "Akopian, Vl"]
[Result "1-0"]
[WhiteElo "2562"]
[BlackElo "2700"]
[PlyCount "89"]
[EventDate "2008.02.02"]
[Source "www.chesslib.no"]
[SourceDate "2004.05.04"]

1. e4 e6 2. d4 d5 3. Nc3 Bb4 4. e5 c5 5. a3 Bxc3+ 6. bxc3 Qa5 7. Bd2 Qa4 8. Rb1 c4 9. Qc1 Nc6 10. h4 b6 11. h5 Bd7 12. Nf3 O-O-O 13. Rh3 f6 14. Bf4 Rf8 15. Be2 Rf7 16. Bh2 Kb7 17. Kf1 h6 18. Kg1 Nge7 19. Qb2 Rhf8 20. Rf1 Qa5 21. Bf4 Rh8 22. Bh2 Rh7 23. Ra1 g5 24. hxg6 Nxg6 25. exf6 Rxf6 26. Bf1 Rf8 27. Bd6 Rff7 28. Re1 e5 29. Rg3 e4 30. Rxg6 exf3 31. Re3 Bf5 32. Rg8 Be4 33. gxf3 Bxf3 34. Bh3 Rhg7+ 35. Rxg7 Rxg7+ 36. Kh2 Bg4 37. Rg3 h5 38. f3 Nxd4 39. cxd4 Qd2+ 40. Bg2 Rf7 41. Qb5 Be6 42. Rg8 Rc7 43. Rg6 Bd7 44. Qxd5+ Bc6 45. Qg5 1-0

[Event "Julian Borowski 4th"]
[Site "Essen"]
[Date "2002.05.16"]
[Round "1"]
[White "Lutz, Christopher"]
[Black "Jussupow, Artur"]
[Result "1-0"]
[WhiteElo "2644"]
[BlackElo "2618"]
[PlyCount "81"]
[EventDate "2002.05.16"]
[Source "ChessBase"]
[SourceDate "2002.09.20"]

1. e4 e6 2. d4 d5 3. Nc3 Bb4 4. e5 Ne7 5. a3 Bxc3+ 6. bxc3 c5 7. Qg4 O-O 8. Bd3 Nbc6 9. Qh5 Ng6 10. Nf3 Qc7 11. Be3 c4 12. Bxg6 fxg6 13. Qg4 Qf7 14. Ng5 Qe8 15. h4 h6 16. Nh3 Ne7 17. Qe2 Bd7 18. g4 b5 19. h5 a5 20. g5 Rf5 21. gxh6 Rxh5 22. Kd2 gxh6 23. Rag1 Kh7 24. Ng5+ hxg5 25. Rxh5+ gxh5 26. Rxg5 Qf7 27. Rxh5+ Kg8 28. Bg5 Be8 29. Rh1 Nf5 30. Bf6 Qg6 31. Rh8+ Kf7 32. Qf3 Bc6 33. Rh3 Rg8 34. Qh1 Qg2 35. Rh7+ Kf8 36. Qh5 Qxf2+ 37. Kc1 Qf4+ 38. Kb2 Be8 39. Qxf5 Rg4 40. Rh8+ Kf7 41. Qh7+ 1-0

[Event "Montreal"]
[Site "?"]
[Date "2006.08.12"]
[Round "5"]
[White "Korneev Oleg"]
[Black "Ibragimov Ildar"]
[Result "0-1"]
[WhiteElo "2638"]
[BlackElo "2624"]
[PlyCount "76"]
[EventDate "2006.??.??"]
[Source "www.chesslib.no"]
[SourceDate "2004.05.04"]

1. e4 e6 2. d4 d5 3. Nc3 Bb4 4. e5 c5 5. a3 Bxc3+ 6. bxc3 Qa5 7. Bd2 Qa4 8. Qb1 c4 9. Nh3 Nc6 10. Nf4 Bd7 11. g3 O-O-O 12. Bh3 f5 13. g4 fxg4 14. Bxg4 Re8 15. h4 Re7 16. Rg1 Qa5 17. Bh3 Nh6 18. Nh5 Be8 19. Nxg7 Rg8 20. Kf1 Rgxg7 21. Rxg7 Rxg7 22. Bxh6 Qxc3 23. Bxe6+ Bd7 24. Bxd7+ Rxd7 25. Be3 Nxd4 26. Qe1 Qxe1+ 27. Rxe1 Nxc2 28. Re2 Nxe3+ 29. Rxe3 d4 30. Re4 c3 31. Ke1 d3 32. Kd1 d2 33. Rc4+ Rc7 34. Rxc7+ Kxc7 35. a4 b6 36. f4 a6 37. f5 Kd7 38. f6 Ke6 0-1

[Event "Tilburg"]
[Site "Tilburg"]
[Date "1993.??.??"]
[Round "4"]
[White "Beliavsky, Alexander G"]
[Black "Nikolic, Predrag"]
[Result "1/2-1/2"]
[WhiteElo "2635"]
[BlackElo "2625"]
[PlyCount "86"]
[EventDate "1993.11.??"]
[Source "ChessBase"]

1. e4 e6 2. d4 d5 3. Nc3 Bb4 4. e5 c5 5. a3 Bxc3+ 6. bxc3 Ne7 7. Qg4 Kf8 8. Qd1 Qa5 9. Bd2 Qa4 10. Nf3 b6 11. Bd3 Ba6 12. dxc5 bxc5 13. O-O Nd7 14. Re1 Rb8 15. Rb1 Rb6 16. Be3 h6 17. Nd2 Bxd3 18. cxd3 Qxd1 19. Rexd1 Nf5 20. d4 Ke7 21. Kf1 Rc8 22. Ke2 cxd4 23. cxd4 Rc3 24. Ra1 Kd8 25. Rdc1 Rbc6 26. Rxc3 Rxc3 27. g4 Ne7 28. Nb1 Rb3 29. Nd2 Rc3 30. Nb1 Rb3 31. Nd2 Rb2 32. Kd1 Nc6 33. Kc1 Rb5 34. Kc2 Nb6 35. h4 Ra5 36. h5 Ra4 37. Kc3 Na5 38. Nf3 Rc4+ 39. Kd3 Na4 40. Rc1 Nb2+ 41. Ke2 Ke8 42. Ne1 Na4 43. Kd3 Nb2+ 1/2-1/2

[Event "Arctic Chess Challenge"]
[Site "Tromso NOR"]
[Date "2007.08.07"]
[Round "4"]
[White "Macieja, B."]
[Black "Socko, B."]
[Result "1-0"]
[WhiteElo "2596"]
[BlackElo "2660"]
[PlyCount "133"]
[EventDate "2007.08.04"]
[Source "www.chesslib.no"]
[SourceDate "2004.05.04"]

1. e4 e6 2. d4 d5 3. Nc3 Bb4 4. e5 c5 5. a3 Bxc3+ 6. bxc3 Qa5 7. Bd2 Qa4 8. h4 Nc6 9. h5 h6 10. Nf3 Nge7 11. Rh4 c4 12. Rg4 Rh7 13. Rf4 Bd7 14. Nh4 Nf5 15. Nxf5 exf5 16. g4 fxg4 17. Be2 Ne7 18. Rc1 Be6 19. Bxg4 Qd7 20. Bxe6 Qxe6 21. Qf3 f5 22. Rh4 Qa6 23. Ra1 Qa4 24. Kd1 O-O-O 25. Bf4 Rg8 26. Rh1 g5 27. hxg6 Rxg6 28. Bg3 Qd7 29. Kd2 Qe6 30. Rh5 f4 31. Bh4 Ng8 32. Rb1 a6 33. a4 b6 34. Qxf4 Rf7 35. Qh2 Qg4 36. Bg3 Ne7 37. Rh4 Qg5+ 38. Bf4 Qf5 39. Be3 Qe6 40. Rg1 Nf5 41. Rh5 Kb7 42. Rh1 Nxe3 43. Kxe3 Qg4 44. f4 b5 45. axb5 axb5 46. Qf2 Rfg7 47. Kd2 Qg2 48. Qxg2 Rxg2+ 49. Kc1 Rf2 50. R5h2 Rxf4 51. Rxh6 b4 52. Rh7 Rxh7 53. Rxh7+ Kc6 54. Kb2 Re4 55. Rg7 Rf4 56. Rh7 Re4 57. Rh8 Rg4 58. Rd8 Rg3 59. cxb4 Re3 60. c3 Re2+ 61. Ka3 Rc2 62. Rd6+ Kb7 63. Rxd5 Rxc3+ 64. Ka4 Rd3 65. e6 Kc6 66. Re5 Rd1 67. b5+ 1-0

[Event "Beograd"]
[Site "?"]
[Date "1995.??.??"]
[Round "?"]
[White "Leko, P."]
[Black "Beliavsky, A."]
[Result "1/2-1/2"]
[WhiteElo "2605"]
[BlackElo "2650"]
[PlyCount "47"]
[EventDate "1995.??.??"]
[Source "ChessBase"]
[SourceDate "1995.10.01"]

1. e4 e6 2. d4 d5 3. Nc3 Bb4 4. e5 c5 5. a3 Bxc3+ 6. bxc3 Ne7 7. Qg4 Qc7 8. Bd3 c4 9. Be2 Nf5 10. Nf3 Nc6 11. Qh5 Bd7 12. g4 Qa5 13. Bd2 Nh6 14. Qg5 O-O 15. Rb1 f6 16. exf6 Rxf6 17. Rxb7 Rg6 18. Qf4 e5 19. Nxe5 Nxe5 20. Qxe5 Re8 21. Rb8 Rge6 22. Rxe8+ Rxe8 23. Qf4 Nxg4 24. Rg1 1/2-1/2

[Event "Isle of Man"]
[Site "?"]
[Date "1999.??.??"]
[Round "?"]
[White "Short, N."]
[Black "Psakhis, L."]
[Result "1-0"]
[WhiteElo "2675"]
[BlackElo "2580"]
[PlyCount "83"]
[EventDate "1999.??.??"]
[Source "Chess Informant"]
[SourceDate "1999.10.01"]

1. e4 e6 2. d4 d5 3. Nc3 Bb4 4. e5 Ne7 5. a3 Bxc3+ 6. bxc3 c5 7. h4 Nbc6 8. h5 Qa5 9. Bd2 Bd7 10. h6 gxh6 11. Nf3 O-O-O 12. Bd3 c4 13. Be2 Ng8 14. Kf1 f6 15. Qe1 fxe5 16. Nxe5 Nxe5 17. dxe5 Ne7 18. Bxh6 Rhg8 19. Bf3 Be8 20. a4 Bg6 21. Ra2 Rd7 22. Bc1 Nc6 23. Ba3 Qxa4 24. Rh6 Qa5 25. Bg4 Re8 26. Ra1 Qa4 27. Qc1 Qa5 28. Qe1 Rf7 29. Be7 Rfxe7 30. Rxa5 Nxa5 31. Qd2 Nc6 32. Qxd5 Kb8 33. Qxc4 Rc7 34. Qf4 Ne7 35. Bxe6 Nc6 36. Bd5 Nxe5 37. c4 a6 38. Rh3 Bxc2 39. Re3 Rce7 40. Kg1 Ka8 41. c5 Bg6 42. Qf6 1-0

[Event "Bundesliga 2003-4"]
[Site "Bremer"]
[Date "2003.11.22"]
[Round "3"]
[White "Bacrot, Etienne"]
[Black "Jussupow, Artur"]
[Result "1-0"]
[WhiteElo "2664"]
[BlackElo "2589"]
[PlyCount "139"]
[EventDate "2003.11.01"]
[Source "Roberto Alvarez"]
[SourceDate "2003.12.08"]

1. e4 e6 2. d4 d5 3. Nc3 Bb4 4. e5 Ne7 5. a3 Bxc3+ 6. bxc3 c5 7. Qg4 O-O 8. Bd3 f5 9. exf6 Rxf6 10. Bg5 Rf7 11. Qh5 g6 12. Qd1 Nbc6 13. Nf3 Qa5 14. Bd2 c4 15. Be2 Bd7 16. O-O Kg7 17. Qc1 Ng8 18. Bf4 Raf8 19. Be5+ Nxe5 20. Nxe5 Qxc3 21. Nxf7 Rxf7 22. Rb1 b6 23. Qb2 Qxb2 24. Rxb2 Nf6 25. Bf3 Ne8 26. c3 Nc7 27. Rc1 Kf6 28. Re2 Nb5 29. a4 Nc7 30. Ra1 Ke7 31. h4 Rf4 32. h5 g5 33. Re3 h6 34. g3 Rf8 35. Bd1 Ne8 36. Bc2 Nf6 37. Kg2 Kd6 38. Rf1 Be8 39. Bd1 Rg8 40. g4 Bd7 41. f4 Ke7 42. fxg5 Rxg5 43. Re5 Nh7 44. Rxg5 Nxg5 45. Kg3 Bc6 46. Bc2 Bd7 47. Kf4 Kf6 48. Ke3+ Ke7 49. a5 b5 50. Bg6 Bc6 51. Kd2 Bd7 52. Rf4 Bc6 53. Kc2 Bb7 54. Kb2 b4 55. cxb4 Bc6 56. Kc3 Bb5 57. Rf1 e5 58. dxe5 Ne6 59. Rd1 Nf4 60. Kd4 Ne2+ 61. Kc5 Ba4 62. Rxd5 c3 63. b5 Nf4 64. Kb4 Nxd5+ 65. Kxa4 Ke6 66. g5 Kxe5 67. gxh6 Kf6 68. Kb3 Nc7 69. Bd3 Kf7 70. Bc4+ 1-0

[Event "Playchess"]
[Site "?"]
[Date "2005.04.30"]
[Round "?"]
[White "Short Nigel D"]
[Black "Shipov Sergei"]
[Result "0-1"]
[WhiteElo "2673"]
[BlackElo "2580"]
[PlyCount "128"]
[EventDate "2005.??.??"]
[Source "www.chesslib.no"]
[SourceDate "2004.05.04"]

1. e4 e6 2. d4 d5 3. Nc3 Bb4 4. e5 c5 5. a3 Bxc3+ 6. bxc3 Ne7 7. Ne2 Qa5 8. Bd2 Qa4 9. Ng3 b6 10. Nh5 Rg8 11. Bd3 Ng6 12. O-O Ba6 13. dxc5 Bxd3 14. cxd3 Qxd1 15. Rfxd1 Nxe5 16. Bf4 Nbc6 17. cxb6 axb6 18. Rab1 Ra6 19. h3 Ke7 20. c4 dxc4 21. dxc4 g5 22. Bxe5 Nxe5 23. c5 Rb8 24. Rb5 Ra5 25. Rxb6 Rxb6 26. cxb6 Rb5 27. Rc1 Rxb6 28. Rc7+ Kd6 29. Ra7 Rb1+ 30. Kh2 Rb2 31. Kg3 Ra2 32. Nf6 h6 33. a4 Ra3+ 34. f3 Ra2 35. a5 Ng6 36. Ne4+ Ke5 37. Rxf7 Nf4 38. Nf2 Nh5+ 39. Kg4 Nf6+ 40. Kg3 Nh5+ 41. Kg4 Nf6+ 42. Kg3 h5 43. Nd3+ Kf5 44. h4 gxh4+ 45. Kxh4 Rxg2 46. a6 Ra2 47. a7 e5 48. Nc5 Kg6 49. Rb7 Nd5 50. Ne6 Kf6 51. Nc7 Nxc7 52. Rxc7 Kg6 53. Rb7 Ra4+ 54. Kg3 Kg5 55. Kh3 Ra3 56. Rg7+ Kf6 57. Rb7 Rxf3+ 58. Kh4 Ra3 59. Kxh5 Kf5 60. Kh4 Kf4 61. Rg7 e4 62. Rf7+ Ke5 63. Re7+ Kd4 64. Kg4 Ke3 0-1

[Event "Corus B"]
[Site "?"]
[Date "2005.01.30"]
[Round "13"]
[White "Cheparinov Ivan"]
[Black "Nikolic Predrag"]
[Result "1/2-1/2"]
[WhiteElo "2572"]
[BlackElo "2676"]
[PlyCount "43"]
[EventDate "2005.??.??"]
[Source "www.chesslib.no"]
[SourceDate "2004.05.04"]

1. e4 e6 2. d4 d5 3. Nc3 Bb4 4. e5 c5 5. a3 Bxc3+ 6. bxc3 Qa5 7. Bd2 Qa4 8. Qg4 Kf8 9. Qd1 b6 10. h4 Ba6 11. Bxa6 Nxa6 12. h5 h6 13. Rh4 Rc8 14. Rf4 cxd4 15. cxd4 Ne7 16. Qf3 Ke8 17. c3 Rf8 18. Nh3 Nb8 19. Qg4 Rg8 20. Qf3 Rf8 21. Qg3 Rg8 22. Qf3 1/2-1/2